| Поле | Инд. | ПП | Название | Значение |
|---|---|---|---|---|
| Тип записи | a | |||
| Библиографический уровень | m | |||
| 001 | Контрольный номер | f09796c52851455f92e12e7b9de8bc8f | ||
| 005 | Дата корректировки | 20151005163142.9 | ||
| 008 | Кодируемые данные | 151002|||||||||ru |||||||||||||||||rus|| | ||
| 020 | a | ISBN | 978-5-7510-0593-1 | |
| 041 | 0_ | a | Код языка текста | rus |
| 084 | a | Индекс другой классификации/Индекс ББК | 78.34 | |
| 090 | a | Полочн. индекс | 78.34 | |
| x | Авторский знак | Б 77 | ||
| 100 | 1_ | a | Автор | Бойкова О. Ф. |
| 245 | 10 | a | Заглавие | Работа библиотек по противодействию распространению экстремистских материалов |
| b | Продолж. заглавия | метод. рекомендации | ||
| c | Ответственность | Рос. гос. б-ка | ||
| 260 | a | Место издания | Москва | |
| b | Издательство | Пашков дом | ||
| c | Дата издания | 2013 | ||
| 300 | a | Объем | 109, [1] с. | |
| 440 | _0 | a | Серия | Библиотека библиотекаря |
| 504 | a | Библиография | Библиогр.: с. 40-41 | |
| 650 | 04 | a | Основная рубрика | Библиотечное дело |
| 653 | 0_ | a | Ключевые слова | Организация библиотечного дела |
| a | Ключевые слова | Противодействие экстремистской деятельности | ||
| a | Ключевые слова | Экстремистские материалы | ||
| 901 | t | Тип документа | m |